[Event "MPL National Senior Chess-ch 2022"]
[Site "Kanpur"]
[Date "2022.03.01"]
[Round "8.5"]
[White "Mitrabha, Guha"]
[Black "Aryan Chopra"]
[Result "1/2-1/2"]
[WhiteElo "2510"]
[BlackElo "2585"]
[Annotator "TA"]
[PlyCount "167"]
[EventDate "2022.02.25"]
[EventCountry "IND"]
[SourceTitle "playchess.com"]
[Source "ChessBase"]
[SourceQuality "1"]

{[%evp 14,166,-4,-6,4,3,7,0,0,0,0,0,0,0,0,0,0,0,0,0,0,0,0,6,10,16,21,5,20,18,21,0,0,0,20,0,0,0,10,7,7,7,8,8,10,0,4,0,15,0,0,0,0,0,0,0,0,0,0,0,0,0,0,0,0,0,0,0,0,0,0,0,0,0,0,0,0,0,0,0,0,0,0,0,0,0,8,8,8,8,8,8,8,8,8,8,8,8,8,8,8,8,8,8,8,8,8,8,8,8,8,8,8,8,8,8,8,8,8,8,8,0,8,0,8,0,0,0,8,8,8,8,8,8,8,8,8,8,8,8,8,8,19,8,8,8,8,8,8,8,8,0,0,0,0]} 1. d4 Nf6 2. Nf3 e6 {[%cal Be7e6,Be6d5][%mdl 32]} 3. c4 b6 4. Nc3 Bb7 5. e3 d5 6. cxd5 exd5 7. Bb5+ c6 8. Bd3 {The position is equal.} Nbd7 {E14: Queen's Indian: Classical Variation (4 e3).} 9. O-O Bd6 10. e4 dxe4 11. Nxe4 Nxe4 12. Bxe4 h6 13. Bc2 O-O $1 14. Qd3 {[%csl Gc2][%cal Rd3h7] [#]} Nf6 {Inhibits Qh7+.} 15. Ne5 Bxe5 16. dxe5 Qxd3 17. Bxd3 Nd5 18. Bd2 {[#]} a5 $146 ({Predecessor:} 18... Rad8 19. Rad1 Nc7 20. Be3 Nd5 21. Bd2 {½-½ (21) Baier,G-Drobka,M GER email 2007}) 19. Rfe1 c5 20. e6 fxe6 21. Rxe6 Rae8 22. Rae1 Rxe6 23. Rxe6 Kf7 (23... Rd8 $5 {[%cal Rd5f6]}) 24. Re2 Rd8 25. Bc4 Kf8 {[%cal Od5f4] [#] ...Nf4! is the strong threat.} 26. f3 Nb4 27. a3 Bd5 28. Bb5 Bc6 29. Bc4 Bd5 30. Bb5 Bc6 31. Bxc6 Nxc6 $11 {[%mdl 4096] Endgame KRB-KRN} 32. Bc3 Kf7 {To avoid Re6} 33. a4 Nb4 34. Kf2 Rd1 35. f4 g6 36. Kf3 Nd5 37. Be5 h5 38. Kg3 Ke6 39. h3 Kf7 40. Kh4 Rd3 41. g4 hxg4 42. hxg4 Nf6 43. Bxf6 Kxf6 {KR-KR} 44. Re8 g5+ 45. fxg5+ Kf7 46. Rc8 Rb3 47. Rc7+ Kg6 48. Rc6+ Kg7 49. g6 b5 50. Kh5 bxa4 51. Rc7+ Kg8 52. Rxc5 Rxb2 53. Rxa5 Rb1 54. Rxa4 Kg7 55. Ra7+ Kg8 56. Kg5 Rc1 57. Re7 Rb1 58. Re5 Kg7 59. Rf5 Ra1 60. Rf7+ Kg8 61. Rd7 Rb1 62. Rd2 Kg7 63. Rd5 Ra1 64. Rd7+ Kg8 65. Rc7 Rb1 66. Rh7 Ra1 67. Kh6 Rh1+ 68. Kg5 Ra1 69. Rh2 Kg7 70. Rf2 Rb1 71. Rf7+ Kg8 72. Re7 Ra1 73. g7 Ra5+ 74. Kf6 {Re8+ would kill now.} Ra6+ 75. Kf5 Ra5+ 76. Kg6 {[%cal Re7e8]} Ra6+ 77. Kh5 Ra5+ 78. g5 Ra6 79. Rb7 Rc6 80. Kg4 Rc4+ 81. Kf5 Rc5+ 82. Ke6 Rxg5 83. Kf6 {Threatening mate with Rb8+.} Rg6+ $1 84. Kxg6 {A balanced but interesting game.  Weighted Error Value: White=0.02 (flawless) /Black=0.01 (flawless)} 1/2-1/2

[Event "MPL National Senior Chess-ch 2022"]
[Site "Kanpur"]
[Date "2022.03.01"]
[Round "8.6"]
[White "Sengupta, Deep"]
[Black "Pranav Vijay"]
[Result "0-1"]
[WhiteElo "2528"]
[BlackElo "2265"]
[Annotator "TA"]
[PlyCount "100"]
[EventDate "2022.02.25"]
[EventCountry "IND"]
[SourceTitle "playchess.com"]
[Source "ChessBase"]
[SourceQuality "1"]

{[%evp 19,100,27,18,2,3,-27,-18,-41,-33,-28,-26,-31,-32,-28,-17,-24,-13,-52,0,0,0,0,71,73,70,56,125,130,105,68,87,70,81,48,48,39,54,42,77,78,62,10,13,14,8,-73,-73,-126,-87,-85,-69,-71,-43,-54,-50,-129,-181,-141,-145,-322,-243,-324,-328,-366,-233,-231,-119,-185,-110,-271,-260,-615,-329,-332,-252,-746,-746,-746,-746,-730,-684,-1072,-1002]} 1. d4 Nf6 2. c4 e6 3. Nc3 Bb4 4. e3 O-O 5. Bd2 b6 6. Nf3 Bb7 7. Bd3 d6 8. O-O Nbd7 9. a3 Bxc3 10. Bxc3 Ne4 11. Bxe4 {E21: Nimzo-Indian: 4 Nf3.} Bxe4 12. d5 e5 13. Ne1 {The position is equal.} a5 14. f3 {[#]} Bg6 $146 ({Predecessor:} 14... Bf5 15. e4 Bg6 16. g4 h5 17. h3 Qh4 18. Kg2 Nc5 19. Qe2 hxg4 20. hxg4 f5 {0-1 (40) Gretarsson,H (2437)-Gretarsson,H (2588) Kopavogur 2021}) 15. f4 Be4 16. fxe5 dxe5 17. Qg4 f5 18. Qg3 Rf6 (18... Qe7 $15) 19. Bxe5 $11 Rg6 20. Bxc7 Qe7 (20... Qc8 $11 21. Qf4 Rg4) 21. Qf2 $16 Qc5 22. Bg3 Re8 (22... Nf6 $14) 23. Rd1 Qxc4 24. Rd4 Qb5 25. Qd2 (25. Rxe4 Rxe4 26. Qd2 (26. Qxf5 $2 Rf6 $19) 26... Qb3 $17) 25... Nc5 {[%cal Bd7c5,Bc5a4,Ba4b6,Bb6c4,Bc4d6,Bd6f7][%mdl 32]} 26. a4 Nxa4 27. b4 $1 {Inhibits Nc5.} axb4 $1 28. Rxb4 (28. Qxb4 Qxb4 29. Rxb4 Nc3 $17) 28... Qd7 29. d6 b5 30. Nf3 (30. Nd3 $14) 30... Nb6 $1 $11 31. Qa2+ Nc4 $1 (31... Bd5 32. Qa5 Nc4 33. Qxb5 Qxb5 34. Rxb5 Bxf3 35. d7 $16 (35. Rxf3 Nxd6 36. Bxd6 Rxd6 $11)) 32. Nd4 {[#]} (32. Qb3 $11 {keeps the balance.} Qf7 33. Rd1 Bxf3 34. gxf3) 32... Ra8 $1 $17 33. Qf2 (33. Qb3 $2 Ra3 34. Qd1 Nxe3 $19) (33. Qe2 $142 Nxd6 34. Rd1) 33... Nxd6 {Black is more active.} 34. Rd1 {[%cal Od4b5]} Qf7 35. Rb2 h5 {Hoping for ...Nc4.} 36. Nf3 $1 Qe7 $36 {[%mdl 2048] Black is more active.} 37. Bh4 ({White should try} 37. Qe2 $15) 37... Qe8 38. Rbd2 {[#]} Nf7 39. Rd7 $2 (39. Rd4 $17) 39... Kh7 ({Wrong is} 39... Ne5 $2 40. Nxe5 Qxe5 41. Bg3 $19) 40. Bg3 b4 41. Nh4 Rf6 {[%cal Oe8d7] Threatens to win with ...Qxd7!} 42. Qb2 Bc6 (42... b3 $19 {...Bc2 is the strong threat.} 43. Qxb3 Bc6) 43. R7d3 (43. R7d4 $17) 43... b3 (43... Ra4 $19 44. Bf4 Qe6) 44. Bf4 $2 (44. Rc1 $17) 44... Qe6 $19 45. Qe2 (45. Qxb3 Qxb3 46. Rxb3) 45... g6 {aiming for ...Bb5.} 46. Nf3 Bb5 47. Bg5 $2 (47. Qb2 Bxd3 48. Rxd3) 47... Bxd3 {Black is clearly winning.} 48. Qxd3 Rd8 49. Nd4 {[#]} Rxd4 $1 50. Qxd4 (50. exd4 Nxg5) 50... Nxg5 {Weighted Error Value: White=0.51/Black=0.29 (precise)} 0-1

[Event "MPL National Senior Chess-ch 2022"]
[Site "Kanpur"]
[Date "2022.03.01"]
[Round "8.7"]
[White "Nitin, S.."]
[Black "Gupta, Abhijeet"]
[Result "0-1"]
[WhiteElo "2427"]
[BlackElo "2628"]
[Annotator "TA"]
[PlyCount "86"]
[EventDate "2022.02.25"]
[EventCountry "IND"]
[SourceTitle "playchess.com"]
[Source "ChessBase"]
[SourceQuality "1"]

{[%evp 23,86,-7,-3,-6,0,-1,0,0,6,9,9,33,12,10,10,18,22,16,25,12,18,7,64,12,45,35,34,40,62,33,59,35,50,8,88,26,39,0,0,-10,0,-122,-114,-436,-414,-413,-123,-431,-422,-421,-393,-379,-362,-29983,-29984,-29983,-29984,-29994,-29995,-29995,-1542,-29996,-29997,-29998,-29999]} 1. e4 e5 2. Nf3 Nc6 3. d4 exd4 4. Bc4 Nf6 5. O-O Nxe4 6. Re1 d5 7. Bxd5 Qxd5 8. Nc3 Qh5 9. Nxe4 Be6 10. Bg5 Bd6 11. Nxd6+ cxd6 12. Bf4 Qd5 13. c3 {C56: Two Knights: 4 d4 exd4 5 0-0 Nxe4.} Qf5 14. cxd4 O-O-O $5 {[%mdl 4] An interesting side line.} 15. Bg3 {[#] The position is equal.} Bd5 $146 ({Predecessor:} 15... h5 16. Qd2 Bd5 17. Qg5 Qxg5 18. Nxg5 Rhe8 19. f3 Kc7 20. a3 f6 21. Nh3 g5 {0-1 (49) Mareckova,M (2065)-Jarvenpaa,J (2301) Brno 2013}) 16. Nh4 Qf6 17. Qd3 g6 {Inhibits Nf5.} 18. Qb5 g5 {[#]} 19. Ng6 hxg6 20. Qxd5 Kb8 21. Rac1 Ne7 22. Qc5 {Hoping for Qc7+.} Ka8 (22... Nf5 $1 $11) 23. Qc7 (23. Qb5 $14 Kb8 24. f3) 23... Nd5 (23... Nf5 $5 {[%cal Rf6d4]}) 24. Qc4 (24. Qa5 {seems wilder.} Nf4 25. Rc7 Rde8 26. Rxe8+ Rxe8 27. h3) 24... Qf5 25. h3 a6 26. Qe2 Ka7 27. a3 Rd7 28. b4 (28. Qd1 $14) 28... Nb6 (28... Re7 $11 29. Qd2 Rxe1+ 30. Rxe1 g4 31. hxg4 (31. Bxd6 Qd7 $15) 31... Qxg4) 29. Rc3 (29. a4 $16) 29... Qd5 $11 30. Qd2 g4 31. hxg4 f5 $1 32. g5 (32. f3 $1 $11 {keeps the balance.}) 32... Nc4 $17 33. Qf4 {[%mdl 8192]} (33. Rxc4 $17 Qxc4 34. f3) 33... Rdh7 $19 {[%csl Gh8][%cal Rh7h1]} 34. f3 Rh1+ $40 {[%mdl 128] White is in trouble.} 35. Kf2 Rxe1 36. Kxe1 Rh1+ 37. Kf2 Nb2 {( -> ...Nd1+)} ({Weaker is} 37... Qe6 38. Rc1 Ne5 39. Rxh1 $11) 38. Ke2 (38. Qd2 $19 Nd1+ 39. Ke2) 38... Qb5+ 39. Kd2 Rd1+ 40. Kc2 {[#]} Qe2+ $1 41. Kb3 {[#]} Rb1 (41... Nc4 $142 $1 {[%mdl 512]} 42. Rc1 (42. Qxf5 gxf5) 42... Qd3+ 43. Rc3 Rb1+ 44. Ka2 Rb2+ 45. Ka1 Qb1#) 42. Rc1 Nc4+ 43. Rxb1 Qd3+ {Weighted Error Value: White=0.54/Black=0.29 (precise)} 0-1

[Event "MPL National Senior Chess-ch 2022"]
[Site "Kanpur"]
[Date "2022.03.01"]
[Round "8.8"]
[White "Gusain, Himal"]
[Black "Sethuraman, S.P."]
[Result "1/2-1/2"]
[WhiteElo "2408"]
[BlackElo "2619"]
[Annotator "TA"]
[PlyCount "47"]
[EventDate "2022.02.25"]
[EventCountry "IND"]
[SourceTitle "playchess.com"]
[Source "ChessBase"]
[SourceQuality "1"]

{[%evp 9,47,0,0,11,8,18,18,20,6,-18,16,5,30,30,30,30,34,0,0,2,74,31,35,34,36,0,0,0,0,0,0,0,0,0,0,0,0,0,0,0]} 1. e4 c5 2. Nc3 Nc6 3. Bb5 Nd4 4. Nf3 a6 5. Bd3 g6 6. Nxd4 {B23: Closed Sicilian: Lines without g3.} cxd4 7. Ne2 Bg7 8. c3 $1 dxc3 9. Nxc3 {[#]} Nf6 $146 ({Predecessor:} 9... e6 10. Bc2 Ne7 11. d4 Qb6 12. Ne2 Nc6 13. Be3 Qxb2 14. O-O Qa3 15. d5 Nb4 {1-0 (24) Diaz Castro,S (2279)-Garrido Outon,A (2228) Dos Hermanas 2019}) 10. Bc2 d5 11. e5 $1 Ne4 12. d4 Bf5 13. Nxe4 Bxe4 14. O-O Rc8 (14... Bxc2 $11 {keeps the balance.} 15. Qxc2 O-O) 15. Bb3 (15. Bxe4 $16 dxe4 16. Qg4) 15... O-O 16. Be3 Qd7 17. g4 {[#] Threatens to win with f3.} Bc2 {The position is equal.} 18. Bxc2 Rxc2 19. Qxc2 Qxg4+ 20. Kh1 Qf3+ 21. Kg1 Qg4+ 22. Kh1 Qf3+ 23. Kg1 Qg4+ 24. Kh1 {Weighted Error Value: White=0.11 (very precise) /Black=0.13 (very precise)} 1/2-1/2

[Event "MPL National Senior Chess-ch 2022"]
[Site "Kanpur"]
[Date "2022.03.01"]
[Round "8.9"]
[White "Srijit Paul"]
[Black "Swapnil, S. Dhopade"]
[Result "0-1"]
[WhiteElo "2419"]
[BlackElo "2495"]
[Annotator "TA"]
[PlyCount "128"]
[EventDate "2022.02.25"]
[EventCountry "IND"]
[SourceTitle "playchess.com"]
[Source "ChessBase"]
[SourceQuality "1"]

{[%evp 22,128,31,27,40,16,75,67,79,57,57,86,32,52,136,102,158,163,168,161,175,172,187,187,190,186,177,0,0,-139,-141,-134,-137,-149,-146,-154,-132,-174,-180,-181,-73,-255,-247,-252,-245,-378,-365,-727,-167,-227,0,-617,-204,-218,-224,-234,-226,-186,-148,-139,-147,-264,-181,-216,-215,-338,-280,-343,-327,-375,-349,-454,-393,-442,-448,-466,-433,-420,-346,-347,0,-397,-368,-333,-325,-572,-563,-885,-868,-1962,-1681,-1962,-1173,-1564,-1272,-12465,-5202,-5065,-4174,-1666,-1625,-1340,-1177,-3054,-2528,-29982,-29981,-29985,-29986]} 1. e4 c5 2. Nf3 d6 3. d4 cxd4 4. Nxd4 Nf6 5. Nc3 g6 6. Be3 Bg7 7. f3 O-O 8. Qd2 Nc6 9. g4 Be6 10. Nxe6 fxe6 11. O-O-O Ne5 12. Be2 {g5 is the strong threat.} Qc8 {B76: Sicilian Dragon: Yugoslav Attack, 9 g4 and 9 0-0-0.} 13. h4 {White wants to play h5.} Nc4 (13... Nfd7 $11) 14. Bxc4 $16 Qxc4 {White is slightly better.} 15. Bh6 b5 16. Bxg7 Kxg7 17. h5 {Black must now prevent hxg6.} b4 {[#]} (17... Rac8 $14) 18. hxg6 $1 hxg6 {[#]} ({Better is} 18... h5) (18... bxc3 19. Qh6+) 19. e5 $1 {[#]} dxe5 $146 ({Predecessor:} 19... bxc3 20. Qh6+ Kf7 21. exf6 Kxf6 22. Qh4+ Kf7 23. Qh7+ Ke8 24. Qxg6+ Kd7 25. Qd3 Qf4+ {½-½ (39) Bagi,M (2455)-Cebalo,M (2320) Zalakaros 2017}) 20. Qh6+ $1 ({Worse is} 20. Ne4 Rh8 $11) 20... Kf7 21. Ne4 {[%mdl 1024] Threatening mate with Ng5+. White has strong compensation.} Rg8 22. Kb1 Rac8 23. Rd2 a5 24. Qh2 $2 (24. Rhd1 $18) 24... Rh8 $1 $11 {Chess con chili.} 25. Qg1 (25. Ng5+ $11 {remains equal.} Kg7 26. Qg1) 25... Nxe4 $17 26. fxe4 Qxe4 $40 {[%mdl 128] Black wants a kill.} 27. Qf1+ Kg7 28. Rg1 Rhf8 29. Qb5 (29. Qd1 $17 {was necessary.}) 29... Qe3 $19 {[%csl LRd2,LRg1]} 30. Rgd1 Rcd8 31. Rd7 $2 (31. Rxd8 $17 Rxd8 32. Rc1) 31... Rxd7 32. Qxd7 {[%mdl 4096] Endgame KQR-KQR} Qc5 33. b3 (33. Qxe6 $142 a4 34. g5) 33... Rf2 34. Rc1 (34. Qd3 Rg2 35. Kb2) 34... Kf7 $2 (34... e4 35. Qxe6 e3) 35. Qd8 (35. Qd3 $142) 35... Kg7 $2 (35... e4 36. Qh8 Qc3 37. Qh7+ Qg7) 36. Qd7 $1 Kf6 $2 (36... e4 37. Qxe6 e3) 37. g5+ Kf7 {aiming for ...e4.} ({Stronger than} 37... Kxg5 38. Rg1+ Kf6 39. Qd3 $17) 38. Qd8 Kg7 {Prevents Qh8+.} 39. Qa8 Rf8 40. Qh1 {Hoping for Qh6+.} Rh8 {To avoid Qh6+} 41. Qf3 (41. Qg1 $17 Qxg1 42. Rxg1) 41... Rh4 42. Qa8 Rh2 43. Qb7 (43. Qe4 $142) 43... Rh5 $1 44. Qg2 Qd5 45. Qg1 e4 46. Rf1 Rxg5 47. Qa7 Qc5 48. Qa8 {[#]} Rf5 {Inhibits Qf8+.} 49. Rh1 {White wants to mate with Qh8+.} Rh5 {Inhibits Qh8+.} 50. Rf1 {Intending Qf8+ and mate.} Rf5 {To avoid Qf8+} 51. Rh1 {White threatens Qh8+ and mate.} Rf8 {Inhibits Qh8+.} 52. Qxe4 {[#]} Rf2 $1 53. Re1 $2 (53. Qd3) 53... Qf5 {Threatens to win with ...g5.} 54. Qc4 Kf7 55. Rh1 g5 {[%cal Bg6g5,Bg5g4,Bg4g3,Bg3g2][%mdl 32] Strongly threatening ...g4.} 56. Rg1 Rf4 57. Qe2 g4 {[%cal Og4g3] And now ...g3! would win.} 58. Rc1 Rf2 (58... g3 $142 59. Qg2 Rf3) 59. Qe3 Rf3 60. Qg1 g3 61. Qg2 e5 {[%cal Be6e5,Be5e4][%mdl 32]} 62. Qg1 e4 63. Qd4 g2 64. Qc4+ Kf8 {Weighted Error Value: White=0.62/Black=0.51} 0-1

[Event "MPL National Senior Chess-ch 2022"]
[Site "Kanpur"]
[Date "2022.03.01"]
[Round "8.10"]
[White "Aditya Mittal"]
[Black "Srihari L R"]
[Result "1-0"]
[WhiteElo "2487"]
[BlackElo "2400"]
[Annotator "TA"]
[PlyCount "87"]
[EventDate "2022.02.25"]
[EventCountry "IND"]
[SourceTitle "playchess.com"]
[Source "ChessBase"]
[SourceQuality "1"]

{[%evp 10,86,42,40,41,34,30,40,42,34,43,38,72,83,77,75,121,124,121,123,127,113,129,129,126,140,141,128,134,134,166,146,151,151,151,145,157,146,166,181,156,163,171,171,225,202,268,235,231,203,193,215,199,195,214,164,214,195,193,193,251,226,226,261,758,720,771,750,1139,983,29992,29993,29993,29994,29997,29998,29998,29999,29999]} 1. d4 d6 2. Nf3 g6 3. c4 Bg7 4. Nc3 Bg4 5. g3 Bxf3 6. exf3 e6 {A41: 1 d4 d6: Tartakower System and Modern Defence.} 7. Bh3 {7.d5 gains popularity.} Ne7 8. d5 Nf5 {White is slightly better.} 9. O-O {[%cal Bh1f1,Bf1e1,Be1e6][%mdl 32]} O-O 10. Re1 Nd7 {[#]} 11. dxe6 $146 {Black is now going downhill.} ({Predecessor:} 11. f4 Nc5 12. Ne4 exd5 13. cxd5 Nxe4 14. Rxe4 Nh6 15. Rc4 Rc8 16. Be3 c5 17. dxc6 d5 18. Rcc1 bxc6 19. Bd4 Re8 {½-½ (19) Lingnau,C (2400)-Horvath,C (2530) Leeuwarden 1995}) 11... fxe6 12. Rxe6 Nd4 (12... Ne5 $142) 13. Re3 $16 Ne5 {[%cal Rd4f3]} 14. f4 $36 {[%mdl 2048] White is in control.} Nxc4 15. Rd3 c5 16. Bg2 {Bd5+ is the strong threat.} Kh8 17. b3 {[%cal Bb2b3,Bb3b4,Bb4b5][%mdl 32]} (17. Bxb7 $6 Rb8 18. b3 Ne5 $1 19. fxe5 Rxb7 $11) 17... Na5 {[%cal Bc4a5,Ba5c6,Bc6d4][%mdl 32]} 18. Be3 $1 Nac6 19. Rc1 Qe7 20. Nd5 Qd8 21. b4 b6 22. a4 Nf5 {[#]} 23. b5 $1 (23. bxc5 bxc5 24. g4 Nxe3 25. fxe3 (25. Nxe3 Nd4 $14) 25... Rc8 $14) 23... Ncd4 24. g4 {[%cal Bg3g4,Bg4g5][%mdl 32]} Nxe3 25. fxe3 Ne6 {[#]} 26. g5 $1 c4 (26... Rc8 $142 27. Bh3 Re8) 27. Rxc4 $18 {aiming for Nb4.} Nc5 28. Rd2 a6 29. Qb1 Ra7 30. bxa6 Rxa6 31. Qb5 Qb8 32. h4 ({But not} 32. Rxc5 Ra5) 32... Qa7 (32... Qc8 {was necessary.} 33. Kf2 (33. Nxb6 Rxb6 34. Qxb6 Qe6 $16) 33... Qb8) 33. h5 gxh5 34. Ra2 Rb8 (34... Qf7 $142 35. Bf3 (35. Rxc5 Ra5 $14) 35... Rfa8) 35. Rb4 Ra5 36. Qe2 b5 $2 (36... Qf7 37. Rxb6 Rxb6 38. Nxb6 Qg6) 37. Qxh5 Rxa4 38. Raxa4 bxa4 {[#]} 39. Ne7 $1 {[%mdl 512]} Ne6 (39... Qxe7 40. Rxb8+) 40. Rxb8+ {White mates.} Qxb8 41. Be4 {[%csl Ge4][%cal Rh5h7]} Nf8 {[#]} 42. Qxh7+ $3 {[%mdl 512]} Nxh7 43. Ng6+ Kg8 44. Bd5# {Weighted Error Value: White=0.05 (flawless) /Black=0.31} 1-0

[Event "MPL National Senior Chess-ch 2022"]
[Site "Kanpur"]
[Date "2022.03.01"]
[Round "8.11"]
[White "Sammed Jaykumar, Shete"]
[Black "Aronyak Ghosh"]
[Result "1/2-1/2"]
[WhiteElo "2408"]
[BlackElo "2482"]
[Annotator "TA"]
[PlyCount "110"]
[EventDate "2022.02.25"]
[EventCountry "IND"]
[SourceTitle "playchess.com"]
[Source "ChessBase"]
[SourceQuality "1"]

{[%evp 19,110,26,24,30,29,31,29,14,27,22,41,34,34,31,46,37,36,29,43,49,38,41,35,52,103,86,95,86,75,81,81,81,81,81,92,91,80,75,86,75,99,78,152,143,136,100,106,98,101,95,118,114,120,115,120,115,116,125,105,106,106,116,129,122,136,0,0,0,0,0,8,0,8,8,18,8,8,8,8,0,1,0,8,8,8,8,8,0,8,6,13,0,31]} 1. e4 c6 2. d4 d5 3. exd5 cxd5 4. Bd3 Nc6 5. c3 Nf6 6. Bf4 Bg4 7. Qb3 Qd7 8. Nd2 e6 9. Ngf3 Bd6 10. Bxd6 Qxd6 11. O-O {B13: Caro-Kann: Exchange Variation and Panov-Botvinnik Attack.} O-O 12. Rfe1 Rab8 13. a4 {White has an edge.} Bh5 14. Ne5 Bg6 (14... Qc7 {looks sharper.} 15. Ndf3 Rbc8 16. Re3 Rfd8 17. Rc1 h6) 15. Nxg6 hxg6 16. Nf3 {[#]} Qf4 $146 ({Predecessor:} 16... Nd7 17. Rad1 a6 18. Qc2 Qf4 19. Qe2 Rfe8 20. g3 Qc7 21. Ne5 Ncxe5 22. dxe5 Nc5 {½-½ (35) Ahmadzada,A (2406)-Rodrigue Lemieux,S (2263) Corum 2019}) 17. h3 a6 18. Re3 b5 19. axb5 axb5 20. Bxb5 Ne7 21. Re2 Nh5 {[#]} (21... g5 $14) 22. Qa3 $1 Qf6 23. Bd3 {White is more active.} Nf4 {[%csl LRd3,LRe2]} 24. Re3 Nf5 25. Bxf5 gxf5 26. b4 Rfc8 27. Qb2 Qg6 {[%csl Gf4][%cal Rg6g2] [#]} 28. Ne1 Qg5 29. Ra7 Rb6 30. Kh2 Qh5 (30... Rbc6 $142) 31. Nf3 {Strongly threatening Qa1.} Ng6 (31... Qg6 $2 32. g3 Nh5 33. Ne5) 32. Ne5 {To avoid Rbc6} Nxe5 33. Rxe5 ({But not} 33. dxe5 $6 f4 34. Re1 Qg5 $14) 33... Qg5 34. Re3 f4 35. Re5 Qh4 36. Qd2 Rbc6 37. Ra3 g6 38. g3 fxg3+ 39. fxg3 Qd8 40. Re3 Qg5 41. Qf2 R6c7 42. Qf4 ({White should play} 42. Kg2 $16) 42... Qxf4 $11 {The position is equal.} 43. gxf4 {[%mdl 4096] Endgame KRR-KRR} Kg7 44. Kg3 Kf6 45. Kg4 Rh8 46. Ra5 Rcc8 47. h4 Rc7 48. Rh3 Rcc8 49. Ra7 Rc6 50. Ra5 Rcc8 51. Ra3 Rc7 52. Rh1 Rhc8 53. Rh3 Rh8 54. Rf3 Rhc8 55. Rh3 Rh8 {Black escapes into a draw.  Weighted Error Value: White=0.08 (flawless) /Black=0.07 (flawless)} 1/2-1/2

[Event "MPL National Senior Chess-ch 2022"]
[Site "Kanpur"]
[Date "2022.03.01"]
[Round "8.12"]
[White "Koustav Chatterjee"]
[Black "Ratnakaran, K.."]
[Result "1/2-1/2"]
[WhiteElo "2466"]
[BlackElo "2316"]
[Annotator "TA"]
[PlyCount "91"]
[EventDate "2022.02.25"]
[EventCountry "IND"]
[SourceTitle "playchess.com"]
[Source "ChessBase"]
[SourceQuality "1"]

{[%evp 12,91,8,4,14,0,0,0,0,0,2,6,18,13,17,21,37,40,74,73,78,68,79,79,85,93,110,95,110,114,116,98,120,114,109,81,112,106,113,104,178,58,52,54,62,63,147,0,20,22,15,14,9,-29,0,-28,0,0,9,8,8,8,8,9,327,-286,-286,-308,-302,-284,-244,-321,-135,-154,-159,-175,0,-111,0,-157,0,-167]} 1. Nf3 Nf6 2. b3 g6 3. Bb2 Bg7 4. e3 O-O 5. d4 d6 6. Be2 Nbd7 7. O-O b6 {A48: 1 d4 Nf6 2 Nf3 g6: Torre, London and Colle Systems.} 8. a4 a5 9. Nbd2 Bb7 10. Re1 {[#]} Re8 $146 ({Predecessor:} 10... e6 11. Bb5 Ne4 12. Nxe4 Bxe4 13. Bf1 Qe7 14. c4 f5 15. Nd2 Qf7 16. Nxe4 fxe4 {1-0 (36) Ganaus,H (2318)-Chernukhin,A (2022) Vienna 2012}) 11. Bb5 e5 12. dxe5 dxe5 13. e4 Re6 14. Ng5 Re7 15. Ba3 $1 {White is more active.} Nc5 16. Bxc5 bxc5 17. Qe2 h6 18. Ngf3 Nh5 19. g3 Qf8 20. Rad1 Kh7 21. Nh4 Bf6 22. Ng2 Ng7 23. c3 Ne6 24. h4 {[%cal Bh2h4,Bh4h5][%mdl 32]} Bg7 25. Bc4 f5 (25... Rd8 $16) 26. Bxe6 (26. h5 $1 $18) 26... Rxe6 $14 27. h5 f4 28. Nh4 Raa6 ({Black should play} 28... gxh5 $14 29. Qxh5 fxg3 30. fxg3 Rf6) 29. Ndf3 (29. Nc4 $16) 29... fxg3 30. fxg3 (30. hxg6+ Rxg6 31. Rd7 (31. Nxg6 Rxg6 32. Kf1 Qf7 $17) 31... Qc8 $17) 30... gxh5 {[%cal Oc5c4]} 31. Nf5 Qf7 32. Rd3 Rg6 (32... c4 $5 33. bxc4 Rg6 $15) 33. Red1 {And now Rd7 would win.} Qxb3 (33... Bc8 $5 {[%cal Rc8f5]}) 34. N3h4 {Pair of Knights!} Rg5 (34... Qxa4 35. Rd7 (35. Nxg6 Rxg6 36. Rd7 Bc8 $11) 35... Bc8 36. Rxc7 Bxf5 37. Nxf5 $14) 35. Nxg7 Rxg7 36. Nf5 Rf7 (36... Qxa4 $2 37. Nxg7 Qxe4 38. Qxe4+ Bxe4 39. Rd7 $18) 37. Qxh5 {Strongly threatening Rd7.} Rg6 $2 {[%mdl 8192]} (37... Bxe4 $2 38. Rd7 Rg6 39. Nxh6 $1 Qxd1+ 40. Qxd1 $18 (40. Rxd1 Rxg3+ 41. Kh2 Rg2+ 42. Kh3 Rf3+ 43. Kxg2 Rf5+ 44. Kg3 Rxh5 $17)) (37... Raf6 $11 {and Black has nothing to worry.} 38. Rd7 Qe6 39. Nxh6 (39. Rxf7+ Qxf7 40. Qh4 Bc8 $11) 39... Rxd7 40. Ng4+ Kg7 41. Rxd7+ Qxd7 42. Qg5+ Rg6 43. Qxg6+ Kxg6 44. Nxe5+ Kg5 45. Nxd7 Bxe4) 38. Qh4 $4 {[%mdl 8192]} (38. Rd7 $1 $18 {[%cal Of5h6] was the only winning move. Threatening mate with Nxh6!} Bxe4 39. Nxh6 $1 Qxd1+ 40. Qxd1 (40. Rxd1 Rxg3+ 41. Kh2 Rg2+ 42. Kh3 Rf3+ 43. Kxg2 Rf5+ 44. Kg3 Rxh5 $17) 40... Rxd7 41. Qxd7+ Kxh6 42. Qxc7) 38... Qxa4 $19 39. Re1 Qc2 ({Stronger than} 39... Bxe4 40. Nxh6 Rxh6 41. Qxe4+ Qxe4 42. Rxe4 $17) 40. Rf3 {[%cal Of5h6]} Qd2 {...Rxf5 is the strong threat.} 41. Ree3 {[%cal Of5h6]} Rb6 (41... Qd1+ $19 42. Rf1 Qg4) 42. Rf2 $17 Qd1+ (42... Rb1+ $2 43. Kg2 Qxf2+ 44. Kxf2 $18) 43. Rf1 {[#]} Qd2 ({Black should try} 43... Qa4 $1 $19 {aiming for ...Qc4.} 44. Ree1 Rbf6) 44. Rf2 {[#] The board is on fire.} Qd1+ (44... Rb1+ $2 45. Kg2 Qxf2+ 46. Kxf2 $18) (44... Qc1+ $142 $1 45. Rf1 Qc2) 45. Rf1 Qd2 46. Rf2 {Weighted Error Value: White=0.25 (precise) /Black=0.46} 1/2-1/2